000 00606nam a2200145Ia 4500
008 171212s9999 xx 000 0 und d
020 _a9780813571034
100 _aD'Antonio, Patricia
245 _cD'Antonio, Patricia
_aNursing with a Message
_bPublic Health Demonstration Projects in New York City
260 _bRutgers University Press
_c2017
440 _aCritical Issues in Health and Medicine
650 _aCommunity health nursing -- New York (State) -- New York; Public health nursing -- New York (State) -- New York
650 _aHealth Sciences
856 _uhttp://jstor.org/stable/j.ctt1jd94k2
999 _c352836
_d352836